000
00296nam a2200121Ia 4500
008
190216s9999||||xx |||||||||||||| ||und||
100
_a
Dr.Ram Narain Sharma
245
0
_a
Hindi-Bundelkhand Ki Virangnayen
260
_b
Sandarva Prakashan
_c
2008
300
_a
111
650
_a
Hindi
942
_c
BK
999
_c
16560
_d
16560